000 00211nam a22000977a 4500
999 _c15932
_d15932
003 OSt
008 191023b ||||| |||| 00| 0 eng d
100 _aJoseph,
_94413
245 _aPavikalude parudeesa
942 _cBK